|
|
|
|
| LEADER |
02376nam a2200517 a 4500 |
| 001 |
c000177462 |
| 003 |
CARM |
| 005 |
20031003211115.0 |
| 008 |
751111m19759999ne a b 000 0 eng |
| 010 |
|
|
|a 74025897 //r852
|
| 019 |
1 |
|
|a 454053
|z 12432322
|z 47903044
|5 LACONCORD2021
|
| 020 |
|
|
|a 0444108270
|
| 020 |
|
|
|a 0444108270
|
| 020 |
|
|
|a 0444108270
|
| 020 |
|
|
|a 0444852360
|
| 020 |
|
|
|a 0444851496
|
| 020 |
|
|
|a 0444860061
|
| 035 |
|
|
|a (OCoLC)1957988
|5 LACONCORD2021
|
| 040 |
|
|
|a LC
|b eng
|c LC
|d NUN
|
| 050 |
0 |
0 |
|a QC454.A8
|b B37
|
| 050 |
1 |
4 |
|a QC454.A8
|b B37
|
| 082 |
0 |
4 |
|a 539.7/2
|
| 082 |
0 |
4 |
|a 539.72
|
| 100 |
1 |
|
|a Bashkin, Stanley.
|
| 245 |
1 |
0 |
|a Atomic energy levels and Grotrian diagrams /
|c Stanley Bashkin and John O. Stoner, Jr.
|
| 260 |
|
|
|a Amsterdam :
|b North-Holland Pub. Co. ;
|a New York :
|b American Elsevier Pub. Co.,
|c 1975-<1982 >
|
| 300 |
|
|
|a 4 v. in 5 :
|b ill. ;
|c 30 cm.
|
| 500 |
|
|
|a Vol. 2-4 have title: Atomic energy-level and Grotrian diagrams.
|
| 504 |
|
|
|a Includes bibliographies.
|
| 505 |
0 |
|
|a v. 1. Hydrogen I-Phosphorus XV. Addenda. 2v.--v. 2. Sulfur I -Titanium XXII.--v. 3. Vanadium I-Chromium XXIV.--v. 4. Manganese I-XXV.
|
| 650 |
|
0 |
|a Atomic spectroscopy
|x Charts, diagrams, etc.
|
| 650 |
|
0 |
|a Energy levels (Quantum mechanics)
|x Charts, diagrams, etc.
|
| 650 |
|
0 |
|a Grotrian diagrams.
|
| 700 |
1 |
|
|a Stoner, John O.,
|e joint author.
|
| 740 |
0 |
|
|a Atomic energy-level and Grotrian diagrams.
|
| 852 |
8 |
|
|b CARM
|h A2:AR17E0
|i D07409
|p 0240471
|f BK
|
| 852 |
8 |
|
|b CARM
|h A2:AR17E0
|i D07409
|p 0240472
|f BK
|
| 852 |
8 |
|
|b CARM
|h A2:AR17E0
|i D07409
|p 0240469
|f BK
|
| 852 |
8 |
|
|b CARM
|h A2:AR17E0
|i D07409
|p 0240470
|f BK
|
| 852 |
8 |
|
|b CARM
|h A2:AR17E0
|i D07409
|p 0240467
|f BK
|
| 999 |
f |
f |
|i 59b5fc14-0864-5b4b-956c-1b7bb4422eb6
|s 8205cc08-89e5-5967-9ef9-7a850024bb3d
|
| 952 |
f |
f |
|p Can circulate
|a CAVAL
|b CAVAL
|c CAVAL
|d CARM 1 Store
|e D07409
|f A2:AR17E0
|h Other scheme
|i book
|j v.4
|m 0240471
|
| 952 |
f |
f |
|p Can circulate
|a CAVAL
|b CAVAL
|c CAVAL
|d CARM 1 Store
|e D07409
|f A2:AR17E0
|h Other scheme
|i book
|j v.3
|m 0240472
|
| 952 |
f |
f |
|p Can circulate
|a CAVAL
|b CAVAL
|c CAVAL
|d CARM 1 Store
|e D07409
|f A2:AR17E0
|h Other scheme
|i book
|j v.1 addenda
|m 0240470
|
| 952 |
f |
f |
|p Can circulate
|a CAVAL
|b CAVAL
|c CAVAL
|d CARM 1 Store
|e D07409
|f A2:AR17E0
|h Other scheme
|i book
|j v.1
|m 0240467
|
| 952 |
f |
f |
|p Can circulate
|a CAVAL
|b CAVAL
|c CAVAL
|d CARM 1 Store
|e D07409
|f A2:AR17E0
|h Other scheme
|i book
|j v.2
|m 0240469
|